00960 a2200193 45000010006000000050017000060080041000230030015000640400040000790800093001192450120002122640086003323000019004185050278004370410008007151000021007236500010007446500012007545541020260407155828.0260407a1967 arg spa dAR-UNSa-BCEJYS aAR-UNSa-BCEJYSbspacAR-UNSa-BCEJYS a339.92xCooperación económica internacional. Integración económica internacional10aDimensiones institucionales de la integración latinoamericanapInstituciones, proceso de decisión, proyecciones 1aBuenos Aires :bInstituto para la Integración de América Latina (INTAL)c1967 a164 p.c23 cm. a1. Instituciones - 2. Proceso de decisión - 3. Comentarios y sugerencias sobre los organismos de la ALALC - 4. Aspectos generales - 5. Instituciones del mercado común centroamericano - 6. El proceso de decisión - 7. Campos de acción - 8. Observaciones y sugerencias aspa1 aSidjanski, Dusan aALALC a alalc